ر ا ت خيا لو ں ميں گم (Record no. 187596)

MARC details
000 -LEADER
fixed length control field 00691nam a22001937a 4500
005 - DATE AND TIME OF LATEST TRANSACTION
control field 20220425134408.0
010 ## - LCCN (DPL NO)
LC control number UR-11525
020 ## - INTERNATIONAL STANDARD BOOK NUMBER
Terms of availability 200.00
International Standard Book Number 9788193911518
035 ## - SYSTEM CONTROL NUMBER
System control number U-10080
037 ## - SOURCE OF ACQUISITION
Source of stock number/acquisition DBAD/PUB
Stock number -
082 ## - DEWEY DECIMAL CLASSIFICATION NUMBER
Classification number 841
Edition number Ist
100 ## - MAIN ENTRY--PERSONAL NAME
Personal name مصحف ا قبا ل تو صيفی
245 ## - TITLE STATEMENT
Title ر ا ت خيا لو ں ميں گم
Statement of responsibility, etc مصحف ا قبا ل تو صيفی
Medium ا ر د و
246 ## - VARYING FORM OF TITLE
Remainder of title Raat Khyalon Mein Gum (Urdu)
Title proper/short title by Mushaf Iqbal Tousifi
260 ## - PUBLICATION, DISTRIBUTION, ETC. (IMPRINT)
Place of publication, distribution, etc Tilangana
Name of publisher, distributor, etc Al-Ansar Publications
Date of publication, distribution, etc 2019 ء
270 ## - ADDRESS
Address Riyasat Nagar ,Jamal Colony,
City Hyderabad
Postal code 059
Telephone number 09391301192
Fax number -
300 ## - PHYSICAL DESCRIPTION
Extent 120 ص
Dimensions 22 Cm(Hb)
942 ## - ADDED ENTRY ELEMENTS (KOHA)
Source of classification or shelving scheme Dewey Decimal Classification
Item type Urdu Bks
Classification part 841
Call number suffix م ص ح
Holdings
Withdrawn status Lost status Not for loan Collection code Home library Current library Date acquired Source of acquisition Cost, normal purchase price Full call number Barcode Copy number Cost, replacement price Koha item type
    Not For Loan Non-fiction D.B.Act.Division Central Library 25/04/2022 DBAD/PUB 200.00 841 م ص ح U-10080 1 200.00 Urdu Bks

© Delhi Public Library
Hit Counter
free hit counter